000 00425nam a2200145 i 4500
001 bg
100 1 _aCZARNIAWSKA, Barbara
245 0 _aMotywacyjne problemy zarządzania :
_bpsychologiczne aspekty kierowania działalnością gospodarczą /
_cBarbara Czarniawska.
260 _aWarszawa,
_c1980.
040 _cBPK
041 _apol
080 _a65.012.4:159.94
942 _cKS
008 s pl f |000 0 pol
999 _c21627
_d21627
856 _uhttp://koha.tu.koszalin.pl/cgi-bin/koha/opac-detail.pl?biblionumber=21627
_yKatalog online BPK